000 00606 a2200193 4500
020 _a157231513X
040 _aDLC
_bDLC
082 0 0 _a621.382/16
100 1 _aLu, Cary,
245 1 4 _aThe race for bandwidth : understanding data transmission
_cCary Lu.
260 _aRedmond, Wash. :
_bMicrosoft Press,
_cc1998.
300 _axvii, 199 p. :
_bill., map ;
_c23 cm.
440 0 _aStrategic technology series
500 _aIncludes index.
650 0 _aSignal theory (Telecommunication)
650 0 _aBroadband communication systems.
650 0 _aDigital communications.
942 _cBK
_k621.38216 LU
_2ddc
999 _c8292
_d8292